Radioandmusic.com

Bibliographic Details
Format: Electronic Newspaper
Language:English
Published: New Delhi, India : Athena Information Solutions
Subjects:
Online Access:Full text available from Research Library: 07/02/2009 to present

MARC

LEADER 00000nas a2200000 i 4500
001 ssj0001077156
003 WaSeSS
005 20200512172242.0
006 m d
007 cr n
008 131219c20uu9999ii d| n|s|||||| |0eng d
035 |a (WaSeSS)ssj0001077156 
040 |a WaSeSS  |b eng  |c WaSeSS  |d WaSeSS 
050 1 4 |a ML68 
245 0 0 |a Radioandmusic.com  |h [electronic resource]. 
246 1 |a Radio and music dot com 
260 |a New Delhi, India :  |b Athena Information Solutions 
310 |a Daily 
506 |a License restrictions may limit access. 
588 |a Description based on: July 2, 2009; title from title screen (ProQuest, viewed Dec. 18, 2013). 
588 |a Latest issue consulted: December 18, 2013 (viewed Dec. 18, 2013). 
650 0 |a Radio and music  |v Newspapers. 
655 0 |a Electronic journals. 
856 4 0 |z Full text available from Research Library: 07/02/2009 to present  |u https://search.proquest.com/publication/55078